Astrological index.

Bibliographic Details
Format: Journal
Language:English
Published: Yarmouth Port, Mass. [publisher not identified] ;
Subjects:

MARC

Tag First Indicator Second Indicator Subfields
LEADER 00000cas a2200000 4500
001 in00000307751
005 20151010093544.0
008 790518c19699999mauuu p i 0uuua0eng
010 |a  78016144  
035 |a (OCoLC)04978507 
035 |9 ABG8220AM 
040 |a DLC  |c TXA  |d UtOrBLW 
049 |a TXAE 
050 0 |a BF1651  |b .A666 
082 0 |a 016.1335 
245 0 0 |a Astrological index. 
264 1 |a Yarmouth Port, Mass.  |b [publisher not identified] ; 
300 |a  volumes ;  |c 28 cm. 
336 |a text  |b txt  |2 rdacontent 
337 |a unmediated  |b n  |2 rdamedia 
338 |a volume  |b nc  |2 rdacarrier 
362 0 |a v. 1- May 1969- 
580 |a Notable articles from 'Horoscope' and 'American astrology'." 
650 0 |a Astrology  |x Indexes. 
730 0 |a Horoscope. 
730 0 |a American astrology. 
787 1 |t Horoscope 
787 1 |t American astrology 
999 |a MARS 
999 f f |s 233e6ee6-744f-3dbd-856f-79c30c4d9f58  |i a44d5918-a770-3f07-be79-55e9bc7300d6  |t 0 
952 f f |p ric  |a Texas A&M University  |b Rellis Campus  |c Joint Library Facility  |d Remote Storage  |t 0  |e BF1651 .A666  |h Library of Congress classification  |i unmediated -- volume  |k v.1:no.1  |l 1969  |m A14809098594 
998 f f |a BF1651 .A666  |s v.1:no.1 (1969)  |t 0  |l Remote Storage